Lulu loves numbers / (Record no. 48559)
| 000 -LEADER | |
|---|---|
| fixed length control field | 00363nam a2200109 4500 |
| 020 ## - INTERNATIONAL STANDARD BOOK NUMBER | |
| International Standard Book Number | 9781408849576 |
| 100 ## - MAIN ENTRY--PERSONAL NAME | |
| Personal name | Reid, Camilla, |
| Relator term | author. |
| 9 (RLIN) | 86102 |
| 245 ## - TITLE STATEMENT | |
| Title | Lulu loves numbers / |
| Statement of responsibility, etc | written by Camilla Reid, illustrated by Ailie Busby. |
| 260 ## - PUBLICATION, DISTRIBUTION, ETC. (IMPRINT) | |
| Place of publication, distribution, etc | London, |
| Name of publisher, distributor, etc | Bloomsbury Children's Books., |
| Date of publication, distribution, etc | 2015. |
| 300 ## - PHYSICAL DESCRIPTION | |
| Extent | 12 pages. |
| Dimensions | 6.25 x 0.64 x 6.25 inches. |
| 942 ## - ADDED ENTRY ELEMENTS (KOHA) | |
| Source of classification or shelving scheme | |
| Koha item type | Board Book |
| Withdrawn status | Lost status | Source of classification or shelving scheme | Damaged status | Not for loan | Home library | Current library | Date acquired | Total Checkouts | Full call number | Barcode | Date last seen | Date checked out | Price effective from | Koha item type |
|---|---|---|---|---|---|---|---|---|---|---|---|---|---|---|
| Logos International School | Logos International School | 03/11/2025 | 3 | BB REI | 040489 | 01/26/2026 | 01/15/2026 | 03/11/2025 | Board Book |